00382nam a2200121Ia 4500008004100000020001500041110003800056245004100094260004600135300001000181650003100191710003800222201216s9999 xx 000 0 und d a9221010074 aInternational Labour Office (ILO) 0aConciliation in industrial disputes  aGenevabInternational Labour Officec1973 a133p. 0aLabor laws and Legislation aInternational Labour Office (ILO)